| 000 | 01218nam0a2200337 i 4500 | ||
|---|---|---|---|
| 001 | RU\NLR\bibl\2077970 | ||
| 005 | 20260405193244.0 | ||
| 010 |
_a9785990473621 _9100 |
||
| 021 |
_aRU _b2013-68074 _94663 |
||
| 035 | _a(nilc)RuMoRGB-006638561 | ||
| 035 | _a(NLR Aleph) 002063500 | ||
| 090 |
_a4691967 _c4691967 |
||
| 100 | _a20130903d2013 u y0rusy50 ca | ||
| 101 | 0 | _arus | |
| 102 | _aRU | ||
| 105 | _aa ||||||||| | ||
| 200 | 1 |
_aПервичный род человека _eпоиски краеведа _fС.Я. Иванов |
|
| 210 |
_aМосква _cДелмос _d2013 |
||
| 215 |
_a23 с. _cил. _d21 |
||
| 320 | _aБиблиогр.: с. 22 (18 назв.) | ||
| 320 | _aДр. произведения авт. на 4-й с. обл. | ||
| 606 |
_aСемья _91191632 _3RU\NLR\AUTH\66163240 |
||
| 686 | 1 | _aС550.537 | |
| 700 | 1 |
_4070 _8rus _7ca _aИванов _bС. Я. _cканд. техн. наук, популяризатор _gСергей Яковлевич _3RU\NLR\AUTH\7785084 _968012 |
|
| 801 | 0 |
_aRU _bRuMoRKP _c20130903 _gRCR |
|
| 801 | 2 |
_aRU _bРГБ _c20130910 _grcr |
|
| 801 | 1 |
_aRU _bRuMoRKP _c20130903 _2rusmarc |
|
| 801 | 2 |
_aRU _bNLR _c20131002 _grcr |
|
| 942 | _cBOOK | ||
| 980 | _aNBR | ||